British Empire Countries - Sudden Death - Statistics

General Stats
  • This quiz has been taken 98 times
  • The average score is 17 of 58
Answers on the Grid
Answers color-coded by a green-red scale on the quiz's grid according to % correct below.
Afghanistan
Algieria
Angola
Antigua & Barbuda
Argentina
Australia
Bahamas
Bangladesh
Barbados
Belize
Belize
Bhutan
Bolivia
Botswana
Brazil
Burundi
Canada
Chad
China
Cyprus
Dominica
Egypt
Eritrea
Fiji
France
Gambia
Georgia
Germany
Ghana
Grenada
Guyana
Iceland
India
Indonesia
Iran
Iraq
Ireland
Israel
Jamaica
Japan
Jordan
Kazakhstan
Kenya
Kiribati
Kuwait
Libya
Madagascar
Malawi
Malaysia
Maldives
Mali
Malta
Mauritius
Mexico
Mongolia
Morocco
Myanmar
New Zealand
Niger
Nigeria
North Korea
Norway
Oman
Pakistan
Papua New Guinea
Peru
Portugal
Qatar
Russia
Rwanda
Saint Lucia
Saint Vincent
Seychelles
Sierra Leone
Singapore
Solomon Islands
South Africa
South Korea
Spain
Sri Lanka
Sudan
Tanzania
Thailand
Tonga
Trinidad & Tobago
Turkey
Tuvalu
UAE
Uganda
Ukrane
United States
Vietnam
Yemen
Zambia
Zimbabwe
 
Answer Stats
Answer % Correct
Australia
77%
Canada
54%
United States
54%
Bangladesh
52%
Antigua & Barbuda
50%
Bahamas
50%
India
50%
Barbados
46%
Belize
42%
Belize
40%
New Zealand
40%
Jamaica
38%
Ireland
37%
South Africa
37%
Ghana
35%
Grenada
35%
Kenya
35%
Saint Lucia
35%
Sri Lanka
35%
Trinidad & Tobago
35%
Zimbabwe
35%
Egypt
33%
Pakistan
33%
Singapore
33%
Uganda
33%
Cyprus
31%
Guyana
31%
Saint Vincent
31%
Botswana
29%
Solomon Islands
29%
Zambia
29%
Dominica
27%
Nigeria
27%
Tonga
27%
Tuvalu
27%
Fiji
25%
Gambia
23%
Jordan
23%
Malta
23%
Seychelles
23%
Israel
21%
Malaysia
21%
Papua New Guinea
19%
Tanzania
17%
UAE
17%
Iraq
15%
Kuwait
15%
Malawi
13%
Maldives
13%
Myanmar
13%
Qatar
13%
Sierra Leone
13%
China
12%
Mauritius
12%
Sudan
12%
Kiribati
10%
Oman
10%
Yemen
8%
No matching quizzes found
Score Distribution
Percent of People with Each Score
Percentile by Number Answered
Your Score History
You have not taken this quiz